A survey of Kerala history. (Record no. 77688)
[ view plain ]
| 000 -LEADER | |
|---|---|
| fixed length control field | 00698cam a22002291 4500 |
| 001 - CONTROL NUMBER | |
| control field | sa 68001087 |
| 003 - CONTROL NUMBER IDENTIFIER | |
| control field | DLC |
| 005 - DATE AND TIME OF LATEST TRANSACTION | |
| control field | 20260227112430.0 |
| 008 - FIXED-LENGTH DATA ELEMENTS--GENERAL INFORMATION | |
| fixed length control field | 710903s1967 ii abj b 000 0 eng |
| 010 ## - LIBRARY OF CONGRESS CONTROL NUMBER | |
| LC control number | sa 68001087 |
| 025 ## - OVERSEAS ACQUISITION NUMBER | |
| Overseas acquisition number | PL480:I-E-9370 |
| 040 ## - CATALOGING SOURCE | |
| Original cataloging agency | DLC |
| Transcribing agency | DLC |
| Modifying agency | DLC |
| 043 ## - GEOGRAPHIC AREA CODE | |
| Geographic area code | a-ii--- |
| 050 00 - LIBRARY OF CONGRESS CALL NUMBER | |
| Classification number | DS485.K4 |
| Item number | S7 |
| 082 00 - DEWEY DECIMAL CLASSIFICATION NUMBER | |
| Classification number | 954/.83 |
| 100 1# - MAIN ENTRY--PERSONAL NAME | |
| Personal name | Sreedhara Menon, A. |
| 245 12 - TITLE STATEMENT | |
| Title | A survey of Kerala history. |
| 260 ## - PUBLICATION, DISTRIBUTION, ETC. | |
| Place of publication, distribution, etc. | Kottayam, |
| Name of publisher, distributor, etc. | Sahitya Pravarthaka Co-operative Society [Sales Dept.]; National Book Stall |
| Date of publication, distribution, etc. | [1967] |
| 300 ## - PHYSICAL DESCRIPTION | |
| Extent | 446, xx p. |
| Other physical details | illus., geneal. tables, maps (part col.) |
| Dimensions | 22 cm. |
| 504 ## - BIBLIOGRAPHY, ETC. NOTE | |
| Bibliography, etc. note | Bibliography: p. [437]-442. |
| 651 #0 - SUBJECT ADDED ENTRY--GEOGRAPHIC NAME | |
| Geographic name | Kerala (India) |
| General subdivision | History. |
No items available.